Largest Cities on Each Continent Ending in 'a' - Statistics

General Stats
  • This quiz has been taken 209 times
  • The average score is 23 of 37
Answer Stats
Continent Population Answer % Correct
South America 10,200,000 Bogotá
92%
South America 11,600,000 Lima
89%
Europe 4,950,000 Barcelona
88%
Africa 15,000,000 Kinshasa
85%
Africa 6,100,000 Alexandria
83%
Africa 9,000,000 Luanda
83%
South America 4,175,000 Brasília
82%
Asia 28,900,000 Jakarta
82%
Asia 26,700,000 Manila
82%
Asia 17,700,000 Ōsaka
82%
North America 6,100,000 Atlanta
79%
Africa 4,600,000 Addis Ababa
74%
Oceania 490,264 Canberra
74%
Africa 6,350,000 Accra
73%
Asia 17,400,000 Kolkata
73%
Africa 4,700,000 Casablanca
71%
North America 5,750,000 Guadalajara
68%
North America 7,550,000 Philadelphia
66%
Asia 21,300,000 Dhaka
65%
Europe 2,275,000 Vienna
63%
Asia 10,500,000 Nagoya
62%
North America 4,750,000 Tampa
61%
South America 3,775,000 Fortaleza
60%
Europe 1,900,000 Valencia
60%
South America 3,550,000 Curitiba
58%
Oceania 185,913 Suva
52%
Europe 1,240,000 Sofia
51%
North America 4,175,000 Puebla
50%
Oceania 130,176 Honiara
43%
Asia 10,500,000 Chángshā
41%
South America 2,550,000 Goiânia
35%
Europe 1,370,000 Samara
32%
North America 2,650,000 Toluca
29%
Europe 1,220,000 Ufa
28%
Oceania 182,341 Nouméa
21%
Oceania 158,300 Tauranga
17%
Oceania 118,092 Kailua - Kaneohe
5%
No matching quizzes found
Score Distribution
Percent of People with Each Score
Percentile by Number Answered
Your Score History
You have not taken this quiz